ბათუმის შოთა რუსთაველის სახელმწიფო უნივერსიტეტის ბიბლიოთეკა

Глобалистика.Начала науки о современном мире (ბიბ.ჩანაწერი № 35276)

000 -LEADER
fixed length control field 00640nam a2200241Ia 4500
001 - CONTROL NUMBER
control field 1125
003 - CONTROL NUMBER IDENTIFIER
control field GE_BSU
008 - FIXED-LENGTH DATA ELEMENTS--GENERAL INFORMATION
fixed length control field 181216s||||||||xx |||||||||||||| ||und||
020 ## - INTERNATIONAL STANDARD BOOK NUMBER
International Standard Book Number 5756702717
040 ## - CATALOGING SOURCE
Transcribing agency GE_BSU
080 ## - UNIVERSAL DECIMAL CLASSIFICATION NUMBER
Universal Decimal Classification number 327(075.8)
100 ## - MAIN ENTRY--PERSONAL NAME
Personal name Федотов,А.П.
245 ## - TITLE STATEMENT
Title Глобалистика.Начала науки о современном мире
245 ## - TITLE STATEMENT
Remainder of title Курс лекции
250 ## - EDITION STATEMENT
Edition statement 2-е испр.и допол.
260 ## - PUBLICATION, DISTRIBUTION, ETC.
Place of publication, distribution, etc. Москва
260 ## - PUBLICATION, DISTRIBUTION, ETC.
Name of publisher, distributor, etc. Аспект-Пресс
260 ## - PUBLICATION, DISTRIBUTION, ETC.
Date of publication, distribution, etc. 2002
300 ## - PHYSICAL DESCRIPTION
Extent 224стр.
653 ## - INDEX TERM--UNCONTROLLED
Uncontrolled term Глобалистика
942 ## - ADDED ENTRY ELEMENTS (KOHA)
Koha item type წიგნი
ეგზემპლარები
Withdrawn status Lost status Damaged status Not for loan Date acquired Barcode Date last seen Price effective from Koha item type
        2018-12-17 1996 2018-12-17 2018-12-17 წიგნი